000 00455nam a22001697a 4500
003 NUST - PNEC
005 20170116181033.0
008 150919b xxu||||| |||| 00| 0 eng d
020 _a-
040 _cLIBRARY
082 _a621.43 WIL
100 _911188
_aWilliams, Denys Stephen Dodsley
245 _aThe oil engine manual
_cDenys Stephen Dodsley Williams
260 _cc.1956
650 _911190
_aInternal combustion engines
_xME
942 _2ddc
_cBK
999 _c67801
_d67801